000 00370nam a2200157Ia 4500
003 Ost
005 20260225132556.0
008 260225s9999||||xx |||||||||||||| ||und||
040 _cfsic
041 _afre
082 _a440
100 _aWalter Lafeber
_eAuteur
245 0 _aAmerica, Russia and the Cold War 1945-1975 /
245 0 _cWalter Lafeber
942 _cكتاب
999 _c34444
_d34444